LEADER 01098nam--2200385---450- 001 990001910770203316 005 20060213125758.0 035 $a000191077 035 $aUSA01000191077 035 $a(ALEPH)000191077USA01 035 $a000191077 100 $a20040805d1954----km-y0itay0103----ba 101 0 $aita 102 $aIT 105 $a||||||||001yy 200 1 $aContadini del sud$fRocco Scotellaro$gprefazione di Manlio Rossi Doria 210 $aBari$cLaterza$d1954 215 $a246 p.$d23 cm 225 2 $aLibri del tempo Laterza 410 0$12001$aLibri del tempo Laterza 454 1$12001 461 1$1001-------$12001 676 $a853.914 700 1$aSCOTELLARO,$bRocco$0143116 702 1 $aROSSI DORIA,$bManlio 801 0$aIT$bsalbc$gISBD 912 $a990001910770203316 951 $aVI.3.A. 2458(V B 378)$b50439 L.M.$cV B 959 $aBK 969 $aUMA 979 $aSIAV4$b10$c20040805$lUSA01$h1439 979 $aSIAV4$b10$c20040805$lUSA01$h1440 979 $aCOPAT3$b90$c20060213$lUSA01$h1257 996 $aContadini del Sud$9536208 997 $aUNISA